00521nam a2200157 a 45000010005000000030005000050050017000100080041000270400020000681000033000882450141001212600036002623000011002984900026003097000028003353939CDMR20131213132954.0130130s1972||||||||||||||||||||||||||||d aCDMRbcatcCDMR1 aBorrego, Andrésd1802-1891 0aAndrés Borregob: periodismo político liberal conservador (1830-1846)cintroducción, selección y notas de Concepción de Castro aMadridc1972bMiguel Castellote a272 p.0 aBolsillo Básicav151 aCastro, Concepción de